000
00242nam a22000977a 4500
008
221018b |||||||| |||| 00| 0 eng d
020
_a
9780753555644
100
_a
Vance Ashlee
_9
7587
245
_a
Elon Musk
260
_a
London
_b
Virgin Books
_c
2015
999
_c
12079
_d
12079